Los comportamientos frente al alcohol, tranquilizantes y estimulantes de la población activa de la ciudad de Zaragoza / (Record no. 143710)
[ view plain ]
| 000 -LEADER | |
|---|---|
| campo de control de longitud fija | 01577cam a22003731 4500 |
| 001 - NÚMERO DE CONTROL | |
| campo de control | 143710 |
| 003 - IDENTIFICADOR DE NÚMERO DE CONTROL | |
| campo de control | SpMaBN |
| 005 - FECHA Y HORA DE LA ÚLTIMA TRANSACCIÓN | |
| campo de control | 20251011063139.0 |
| 008 - DATOS DE LONGITUD FIJA--INFORMACIÓN GENERAL | |
| campo de control de longitud fija | 981210s1972 sp spa |
| 016 7# - NÚMERO DE CONTROL DE UNA AGENCIA BIBLIOGRÁFICA NACIONAL | |
| Número de control del registro | bimoBNE20000199425 |
| Número de control cancelado/no válido | IND9800832865 |
| Fuente | SpMaBN |
| 017 ## - NÚMERO DE COPYRIGHT O DE DEPÓSITO LEGAL | |
| Número de copyright o de depósito legal | Z 314-1972 |
| Agencia que asigna | Oficina Depósito Legal Zaragoza |
| 035 ## - NÚMERO DE CONTROL DEL SISTEMA | |
| Número de control de sistema | (OCoLC)432724567 |
| 040 ## - FUENTE DE CATALOGACIÓN | |
| Centro catalogador/agencia de origen | SpMaBN |
| Lengua de catalogación | spa |
| Centro/agencia transcriptor | CDM |
| Centro/agencia modificador | ES-MaACL |
| 080 ## - NÚMERO DE LA CLASIFICACIÓN DECIMAL UNIVERSAL | |
| Número de la Clasificación Decimal Universal | 31:613.83(460.224 Z.) |
| 080 ## - NÚMERO DE LA CLASIFICACIÓN DECIMAL UNIVERSAL | |
| Número de la Clasificación Decimal Universal | 31:613.81(460.224 Z.) |
| 100 ## - ENTRADA PRINCIPAL--NOMBRE DE PERSONA | |
| Nombre de persona | Seva Díaz, Antonio, |
| Fechas asociadas al nombre | 1940-2004 |
| Número de control del registro de autoridad o número normalizado | XX1039969 |
| 9 (RLIN) | 227284 |
| 245 14 - MENCIÓN DEL TÍTULO | |
| Título | Los comportamientos frente al alcohol, tranquilizantes y estimulantes de la población activa de la ciudad de Zaragoza / |
| Mención de responsabilidad, etc. | Antonio Seva Díaz... Juan José Vázquez Casabora... Jesús Tejero Juez |
| 260 ## - PUBLICACIÓN, DISTRIBUCIÓN, ETC. | |
| Lugar de publicación, distribución, etc. | Zaragoza : |
| Nombre del editor, distribuidor, etc. | [s.n., |
| Fecha de publicación, distribución, etc. | 1972] |
| 300 ## - DESCRIPCIÓN FÍSICA | |
| Extensión | 92 p., 1 h. ; |
| Dimensiones | 24 cm |
| 490 0# - MENCIÓN DE SERIE | |
| Mención de serie | Publicaciones de la Caja General de Ahorros de la Inmaculada Concepción |
| Designación de volumen o secuencia | 10 |
| 650 #4 - PUNTO DE ACCESO ADICIONAL DE MATERIA--TÉRMINO DE MATERIA | |
| Término de materia o nombre geográfico como elemento de entrada | Drogas |
| Subdivisión general | Consumo |
| 9 (RLIN) | 11978 |
| 650 #7 - PUNTO DE ACCESO ADICIONAL DE MATERIA--TÉRMINO DE MATERIA | |
| Término de materia o nombre geográfico como elemento de entrada | Bebidas alcohólicas |
| Subdivisión general | Consumo |
| 9 (RLIN) | 150008 |
| 700 1# - ENTRADA AGREGADA--NOMBRE PERSONAL | |
| Nombre de persona | Vázquez Casabona, Juan José |
| 9 (RLIN) | 113404 |
| 700 0# - ENTRADA AGREGADA--NOMBRE PERSONAL | |
| Nombre de persona | Tejero Juez, Jesús |
| 9 (RLIN) | 109605 |
| 830 #0 - PUNTO DE ACCESO ADICIONAL DE SERIE-TÍTULO UNIFORME | |
| Título uniforme | Publicaciones de la Caja General de Ahorros de la Inmaculada Concepción |
| Designación de volumen o secuencia | 3 |
| 9 (RLIN) | 227285 |
| 852 ## - LOCALIZACIÓN | |
| Ubicación | ES-MaACL |
| Sublocalización o colección | R.82269 |
| Ubicación en estantería | Depósito 2 |
| Número de control de estantería | C-43034 |
| itemnumber | 148901 |
| 942 ## - ELEMENTOS DE ENTRADA SECUNDARIOS (KOHA) | |
| Fuente del sistema de clasificación o colocación | Clasificación decimal universal |
| Tipo de ítem Koha | Libro impreso |
| 956 ## - LOCALIZACIÓN Y ACCESO ELECTRÓNICOS LOCAL (OCLC) | |
| Nombre del host | 1 2 |
| 980 ## - EQUIVALENCIA O REFERENCIA-CRUZADA-MENCIÓN DE SERIE--NOMBRE DE PERSONA/TÍTULO [LOCAL, CANADÁ] | |
| Nombre de persona | Z 314-1972 |
| -- | SpMaBN |
| Numeración | BNALCALA |
| Calificador de atribución | AHM/786384 |
| Filiación | Procede IBH |
| Títulos y otros términos asociados al nombre | SG_PETANTI |
| 980 ## - EQUIVALENCIA O REFERENCIA-CRUZADA-MENCIÓN DE SERIE--NOMBRE DE PERSONA/TÍTULO [LOCAL, CANADÁ] | |
| Nombre de persona | SpMaBN |
| Numeración | BNMADRID |
| Calificador de atribución | VC/9289/14 |
| Títulos y otros términos asociados al nombre | SG_RECOLET |
| 980 ## - EQUIVALENCIA O REFERENCIA-CRUZADA-MENCIÓN DE SERIE--NOMBRE DE PERSONA/TÍTULO [LOCAL, CANADÁ] | |
| Nombre de persona | SpMaBN |
| Numeración | BNMADRID |
| Calificador de atribución | VC/9289/15 |
| Títulos y otros términos asociados al nombre | SG_RECOLET |
| Estatus retirado | Estado de pérdida | Fuente del sistema de clasificación o colocación | Estado de daño | No para préstamo | Biblioteca de origen | Biblioteca actual | Ubicación en estantería | Fecha de adquisición | Total de préstamos | Signatura topográfica completa | Código de barras | Visto por última vez | Precio de reemplazo | Tipo de ítem Koha |
|---|---|---|---|---|---|---|---|---|---|---|---|---|---|---|
| Clasificación decimal universal | Biblioteca del Ateneo de Madrid | Biblioteca del Ateneo de Madrid | Depósito 2 | 17/01/2008 | C-43034 | 1149519 | 23/02/2023 | 23/02/2023 | Libro impreso |
